Statistics for Flags Of Countries With The Biggest Economies

Click here to take the quiz!

General Stats

  • This quiz has been taken 24 times
  • The average score is 46 of 50

Answer Stats

Answer% Correct
Argentina
100%
Australia
100%
Brazil
100%
Canada
100%
China
100%
Colombia
100%
Egypt
100%
France
100%
Germany
100%
India
100%
Iran
100%
Italy
100%
Japan
100%
Mexico
100%
Norway
100%
Russia
100%
Saudi Arabia
100%
South Africa
100%
South Korea
100%
Spain
100%
Sweden
100%
Switzerland
100%
United Kingdom
100%
United States
100%
Belgium
94%
Denmark
94%
Finland
94%
Iraq
94%
Ireland
94%
Israel
94%
Netherlands
94%
New Zealand
94%
Nigeria
94%
Pakistan
94%
Poland
94%
Turkey
94%
Austria
89%
Chile
89%
Czech Republic
89%
Indonesia
89%
Thailand
89%
Bangladesh
83%
Philippines
83%
Romania
83%
Vietnam
83%
Malaysia
78%
Singapore
67%
United Arab Emirates
67%
Taiwan
61%
Peru
56%

Score Distribution

Percentile by Number Answered

Percent of People with Each Score

Your Score History

You have not taken this quiz